Diseño e implementación de una herramienta para monitoreo y diagnóstico de la seguridad en redes LAN / (Registro nro. 4689)

Detalles MARC
000 -LEADER
fixed length control field 01584nam a2200337 4500
003 - CONTROL NUMBER IDENTIFIER
control field CO-CtgCURN
005 - DATE AND TIME OF LATEST TRANSACTION
control field 20250329165446.0
008 - FIXED-LENGTH DATA ELEMENTS--GENERAL INFORMATION
fixed length control field 160531s2005 000 0 eng d
040 ## - CATALOGING SOURCE
Original cataloging agency CO-CtgCURN
Language of cataloging spa
Transcribing agency coctgcurn
082 0# - DEWEY DECIMAL CLASSIFICATION NUMBER
Classification number INS 2005
Item number C313
100 1# - MAIN ENTRY--PERSONAL NAME
Personal name Carrascal Beleño, Teofilo Eduardo.
245 10 - TITLE STATEMENT
Title Diseño e implementación de una herramienta para monitoreo y diagnóstico de la seguridad en redes LAN /
Statement of responsibility, etc. Teofilo Eduardo Carrascal Beleño, Orlando Carvajalino Mendoza ; director, Marco Antonio Chico Ruiz.
260 ## - PUBLICATION, DISTRIBUTION, ETC.
Place of publication, distribution, etc. Cartagena de Indias :
Name of publisher, distributor, etc. Corporación Universitaria Rafael Nuñez,
Date of publication, distribution, etc. 2005.
300 ## - PHYSICAL DESCRIPTION
Extent 150 hojas.
336 ## - CONTENT TYPE
Source rdacontent
337 ## - MEDIA TYPE
Source rdamedia
Media type term sin mediacion
Media type code n
338 ## - CARRIER TYPE
Source rdacarrier
Carrier type term volumen
Carrier type code nc
500 ## - GENERAL NOTE
General note Incluye anexos.
500 ## - GENERAL NOTE
General note Incluye manual de usuario.
500 ## - GENERAL NOTE
General note Incluye manual de sistema.
502 ## - DISSERTATION NOTE
Dissertation note Trabajo de grado (Ingeniero de Sistemas). Corporación Universitaria Rafael Nuñez. Programa de Ingenieria de Sistemas, 2005.
504 ## - BIBLIOGRAPHY, ETC. NOTE
Bibliography, etc. note Incluye bibliografia.
590 ## - LOCAL NOTE (RLIN)
Local note Ingenieria de Sistemas
650 #0 - SUBJECT ADDED ENTRY--TOPICAL TERM
Topical term or geographic name entry element Ingenieria de Sistemas
Form subdivision Tesis y disertaciones academicas.
650 #0 - SUBJECT ADDED ENTRY--TOPICAL TERM
Topical term or geographic name entry element Diseño del sistema de monitoreo.
700 1# - ADDED ENTRY--PERSONAL NAME
Personal name Carvajalino Mendoza, Orlando.
700 1# - ADDED ENTRY--PERSONAL NAME
Personal name Chico Ruiz, Marco Antonio,
Relator term director.
856 7# - ELECTRONIC LOCATION AND ACCESS
Uniform Resource Identifier <a href="https://unicurn.sharepoint.com/:b:/s/biblioteca/Eaygd5diH4BHoN92MKG1n68B9sxBimnPeN_J7AIOhKsrpw?e=61hlHO">https://unicurn.sharepoint.com/:b:/s/biblioteca/Eaygd5diH4BHoN92MKG1n68B9sxBimnPeN_J7AIOhKsrpw?e=61hlHO</a>
Public note Click aqui para ver el texto completo
942 ## - ADDED ENTRY ELEMENTS (KOHA)
Classification part INS 2005
Item part C313
Source of classification or shelving scheme Dewey Decimal Classification
Koha item type Trabajos de grado
Existencias
Withdrawn status Lost status Damaged status Not for loan Collection Home library Current library Shelving location Date acquired Cost, normal purchase price Inventory number Total checkouts Full call number Barcode Date last seen Price effective from Koha item type
        Trabajos de grado Miguel Henríquez Castañeda Miguel Henríquez Castañeda Trabajo de grado 09/23/2018 35000.00 020695   INS 2005 C313 020695 03/29/2025 03/29/2025 Trabajos de grado